ARRUPE JESUIT UNIVERSITY

CORONAVIRUS -STOP THE SPREAD - CLEAN,DISINFECT,COVER

The ethics of war and peace (Record no. 6109)

MARC details
000 -LEADER
fixed length control field 00541nam a2200217Ia 4500
003 - CONTROL NUMBER IDENTIFIER
control field 0100
008 - FIXED-LENGTH DATA ELEMENTS--GENERAL INFORMATION
fixed length control field 130227s9999 xx 000 0 und d
040 ## - CATALOGING SOURCE
Transcribing agency ARRUPELIB
050 ## - LIBRARY OF CONGRESS CALL NUMBER
Classification number JZ6392.D68 2009
100 ## - MAIN ENTRY--PERSONAL NAME
Personal name Dower, Nigel
245 #4 - TITLE STATEMENT
Title The ethics of war and peace
245 ## - TITLE STATEMENT
Remainder of title cosmopolitan and other perspectives
260 ## - PUBLICATION, DISTRIBUTION, ETC. (IMPRINT)
Place of publication, distribution, etc Cambridge
260 ## - PUBLICATION, DISTRIBUTION, ETC. (IMPRINT)
Name of publisher, distributor, etc Polity
260 ## - PUBLICATION, DISTRIBUTION, ETC. (IMPRINT)
-- 2009
300 ## - PHYSICAL DESCRIPTION
Extent 220p.
300 ## - PHYSICAL DESCRIPTION
Other physical details 23 cm
650 ## - SUBJECT ADDED ENTRY--TOPICAL TERM
Topical term following geographic name as entry element Chivowa Hill, (Zimbabwe) - Excavations
650 ## - SUBJECT ADDED ENTRY--TOPICAL TERM
Location of event Zimbabwe - Antiquities
942 ## - ADDED ENTRY ELEMENTS (KOHA)
Source of classification or shelving scheme Library of Congress Classification
Koha issues (borrowed), all copies 1
Holdings
Withdrawn status Lost status Source of classification or shelving scheme Damaged status Not for loan Collection code Home library Current library Shelving location Date acquired Total Checkouts Full call number Barcode Date last seen Date last borrowed Copy number Price effective from Koha item type
    Library of Congress Classification     Main Collection ARRUPE LIBRARY ARRUPE LIBRARY   27/02/2013 6 JZ6392.D68 2009 46408235 02/05/2023 15/03/2023 1 27/02/2013 Monograph ( Printed materials)

 

Arrupe Library. PO Box MP320 Mt Pleasant, Harare, Zimbabwe
263 242 745411|librarian@aju.ac.zw